South Eastern Kenya University

Library Online Public Access Catalogue


Frontiers in suicide risk : (Record no. 14517)

MARC details
000 -LEADER
fixed length control field 00841cam a2200265 a 4500
001 - CONTROL NUMBER
control field 17268754
003 - CONTROL NUMBER IDENTIFIER
control field OSt
005 - DATE AND TIME OF LATEST TRANSACTION
control field 20160524114622.0
008 - FIXED-LENGTH DATA ELEMENTS--GENERAL INFORMATION
fixed length control field 120424s2012 nyuab b 001 0 eng
010 ## - LIBRARY OF CONGRESS CONTROL NUMBER
LC control number 2012008882
020 ## - INTERNATIONAL STANDARD BOOK NUMBER
International Standard Book Number 9781620813737 (hardcover)
040 ## - CATALOGING SOURCE
Original cataloging agency SEKU
042 ## - AUTHENTICATION CODE
Authentication code pcc
050 00 - LIBRARY OF CONGRESS CALL NUMBER
Classification number RC 569
Item number .F76 2012
245 00 - TITLE STATEMENT
Title Frontiers in suicide risk :
Remainder of title research, treatment, and prevention /
Statement of responsibility, etc. Jill E. Lavigne, editor.
260 ## - PUBLICATION, DISTRIBUTION, ETC. (IMPRINT)
Place of publication, distribution, etc. New York :
Name of publisher, distributor, etc. Nova Science Publishers,
Date of publication, distribution, etc. c2012.
300 ## - PHYSICAL DESCRIPTION
Extent xi, 301 p. :
Other physical details ill., col. maps ;
Dimensions 26 cm.
500 ## - GENERAL NOTE
General note Public health in the 21st century.
504 ## - BIBLIOGRAPHY, ETC. NOTE
Bibliography, etc Includes bibliographical references and index.
650 #0 - SUBJECT ADDED ENTRY--TOPICAL TERM
Topical term or geographic name as entry element Suicidal behavior
General subdivision Diagnosis.
650 #0 - SUBJECT ADDED ENTRY--TOPICAL TERM
Topical term or geographic name as entry element Suicide
General subdivision Risk factors.
650 #0 - SUBJECT ADDED ENTRY--TOPICAL TERM
Topical term or geographic name as entry element Suicide
General subdivision Prevention.
700 1# - ADDED ENTRY--PERSONAL NAME
Personal name Lavigne, Jill E.
942 ## - ADDED ENTRY ELEMENTS (KOHA)
Source of classification or shelving scheme Library of Congress Classification
Koha item type General circulation
Holdings
Withdrawn status Lost status Source of classification or shelving scheme Damaged status Not for loan Home library Current library Shelving location Date acquired Source of acquisition Total Checkouts Full call number Barcode Date last seen Price effective from Koha item type Public note
    Library of Congress Classification     Main Campus Library Main Campus Library General Stacks 24/05/2016 Donation-books for Africa   RC 569 .F76 2012 2016/018447 24/05/2016 24/05/2016 General circulation A.K.
Kitui, Kenya.
+254736116989
library@seku.ac.ke